Transactions of the American institute of electrical engineers volume 69 part ii (Record no. 545462)
[ view plain ]
| 000 -LEADER | |
|---|---|
| fixed length control field | 00808cas a2200181 4500 |
| 022 0# - INTERNATIONAL STANDARD SERIAL NUMBER | |
| International Standard Serial Number | 0066-0604 |
| 082 04 - DEWEY DECIMAL CLASSIFICATION NUMBER | |
| Classification number | 621.3 |
| Author Mark | TRA |
| -- | L01, P123,P-109 |
| 110 2# - MAIN ENTRY--CORPORATE NAME | |
| Corporate name or jurisdiction name as entry element | American Society of Civil Engineers. |
| 9 (RLIN) | 702 |
| 245 10 - TITLE STATEMENT | |
| Title | Transactions of the American institute of electrical engineers volume 69 part ii |
| Statement of responsibility, etc. | ASCE |
| 260 ## - PUBLICATION, DISTRIBUTION, ETC. | |
| Place of publication, distribution, etc. | New York, |
| Name of publisher, distributor, etc. | American Society of Civil Engineers. |
| 300 ## - PHYSICAL DESCRIPTION | |
| Extent | 1752p.: |
| Other physical details | ill., maps (part fold.) diagrs. |
| Dimensions | 23 cm. |
| 520 ## - SUMMARY, ETC. | |
| Summary, etc. | Vols. 131 include papers of the International Engineering Congress, Chicago, 1965; v. 54 includes papers of the International Engineering Congress, St. Louis, 1904. |
| 526 ## - STUDY PROGRAM INFORMATION NOTE | |
| Program name | 0 |
| Interest level | 0 |
| Reading level | 0 |
| Title point value | 621_000000000000000_3TRA |
| 590 ## - LOCAL NOTE (RLIN) | |
| Local note | SERBIB/SERLOC merged record |
| 650 #0 - SUBJECT ADDED ENTRY--TOPICAL TERM | |
| Topical term or geographic name entry element | Civil engineering |
| 710 2# - ADDED ENTRY--CORPORATE NAME | |
| Corporate name or jurisdiction name as entry element | American Society of Civil Engineers. |
| 9 (RLIN) | 702 |
| 942 ## - ADDED ENTRY ELEMENTS (KOHA) | |
| Source of classification or shelving scheme | |
| Koha item type | Book |
| Withdrawn status | Lost status | Source of classification or shelving scheme | Damaged status | Not for loan | Permanent Location | Current Location | Date acquired | Total Checkouts | Full call number | Barcode | Date last seen | Price effective from | Koha item type |
|---|---|---|---|---|---|---|---|---|---|---|---|---|---|
| Military College of Engineering (MCE) | Military College of Engineering (MCE) | 05/23/2014 | 621.3TRA | MCE-33424 | 05/23/2014 | 05/23/2014 | Book |
